000 00596nam a2200181Ia 4500
008 100920s9999 xx 000 0 und d
082 _b99517
_a891.43 न 05
100 _aसिंह कुँवर पाल.
245 _aराही मासूम रजा.
260 _bसाहित्य अकादेमी दिल्ली.
_c2005
300 _a97
_bसाधी
365 _b25
520 _aहिंदी.
630 _aराही मासूम रजा.
650 _aहिंदी.
730 _aराही मासूम रजा.
942 _cBOOK
999 _c739955
_d739952